Minh đạo gia huấn

Spremljeno u:
Bibliografski detalji
Glavni autor: Trình Hạo
Format: Knjiga
Jezik:Undetermined
Izdano: Tp. HCM Tp. HCM 1997
Teme:
Oznake: Dodaj oznaku
Bez oznaka, Budi prvi tko označuje ovaj zapis!
Thư viện lưu trữ: Trung tâm Học liệu Trường Đại học Cần Thơ
LEADER 00538nam a2200193Ia 4500
001 CTU_53204
008 210402s9999 xx 000 0 und d
020 |b 11000 
082 |a 173 
082 |b H108 
100 |a Trình Hạo 
245 0 |a Minh đạo gia huấn 
245 0 |c Trình Hạo; Vũ Văn Kính và Lạc Thiện biên dịch 
260 |a Tp. HCM 
260 |b Tp. HCM 
260 |c 1997 
650 |a ethics,family life education 
650 |z china 
980 |a Trung tâm Học liệu Trường Đại học Cần Thơ